• 首页
  • 本馆介绍
  • 公告通知
  • 最新文献
  • 馆藏检索
  • 电子资源
  • 读者导购
  • 参考咨询
  • 我的图书馆
  • 登录
  • 详细信息显示
  • 放入我的书架
  • 预约/预借图书
  • 作者相关作品
  • 分类相关作品
  • 丛书相关作品
  • 出版社相关作品

书目信息

  • 表格格式
  • 工作单格式
  • 卡片格式
题名:
物理学和哲学
    
 
作者: 海德森 著 ;范岱年 译
分册:  
出版信息: 上海   商务印书馆  1987
页数: 224页
开本: 20cm
丛书名:
单 册:
中图分类: O4-09
科图分类:
主题词: 物理学
电子资源:
ISBN:
000 00607nam0 2200205 45
001 0312221749
005 20060808085116.29
010    @dCNY0.93
091    @a2017.263
100    @a20031222d1987 km y0chiy0120 ea
101    @achi
200 1  @a物理学和哲学@Awu li xue he zhe xue@e现代科学中的革命@f(西德)W·海德森著@F(xi de)W·hai de sen zhu@g范岱年译@Gfan dai nian yi
210    @a上海@c商务印书馆@d1987
215    @a224页@d20cm
606 0  @a物理学
690    @aO4-09@v3
701  0 @a海德森@Ahai de sen@4著
702  0 @a范岱年@Afan dai nian@4译
801    @aCN@bTSTCL@c20060808
905    @a213230@dO4-09@e19
    
    物理学和哲学:现代科学中的革命/(西德)W·海德森著/范岱年译.-上海:商务印书馆,1987
    224页;20cm
    
    
    ISBN :CNY0.93
    
●
相关链接 在E读中查询图书 在五车中查询图书 在当当中查询图书 在豆瓣中查询图书


正题名:物理学和哲学     索取号:O4-09/19         预约/预借

序号 登录号 条形码 馆藏地/架位号 状态 备注
1 0064428   202277678   密集书库/ [索取号:O4-09/19] 在馆    
2 0064429   000388182   第二样本阅览室/ [索取号:O4-09/19] 在馆    
3 0451692   204516924   密集书库/ [索取号:O4-09/19] 在馆    
唐山师范学院图书馆 欢迎您!
大连网信软件有限公司© 版权所有